[Event "II. CLANSKA LIGA ZAHOD 2019"]
[Site "Komenda"]
[Date "2019.11.30"]
[Round "7.5"]
[White "Hribar, Andrej"]
[Black "Bradac, Simon"]
[Result "0-1"]
[WhiteElo "1714"]
[BlackElo "1471"]
[PlyCount "114"]
[EventDate "2019.11.30"]
[WhiteTeam "SK LJUBLJANA"]
[BlackTeam "SK RIMEX ILIRSKA BISTRICA"]

1. d4 d5 2. c4 c6 3. e3 Nf6 4. Nc3 Bf5 5. f4 e6 6. Nf3 Bb4 7. Be2 Ne4 8. Qb3
Qb6 9. Bd2 Nxd2 10. Nxd2 Be7 11. c5 Qc7 12. O-O h6 13. Qd1 O-O 14. Nf3 Nd7 15.
b4 b5 16. Bd3 a5 17. bxa5 Rxa5 18. Qc2 Bxd3 19. Qxd3 Nf6 20. Ne2 Rfa8 21. Nc1
Ne4 22. Re1 Ra3 23. Qc2 Rc3 24. Qb2 Raa3 25. Nb3 b4 26. Nfd2 Nxd2 27. Qxd2 Qa7
28. Qb2 Qa6 29. Qb1 Qc4 30. Nd2 Qb5 31. Nb3 Qc4 32. Nd2 Qd3 33. Qxd3 Rxd3 34.
Nb3 g5 35. fxg5 Bxg5 36. Kf2 Rc3 37. g3 h5 38. Kf3 f6 39. Kf2 e5 40. e4 dxe4
41. dxe5 fxe5 42. Kf1 Be3 43. Kg2 Bxc5 44. Nxc5 Rxc5 45. Rxe4 b3 46. Rb4 Rxa2+
47. Rxa2 bxa2 48. Ra4 Rc2+ 49. Kf3 Kf7 50. h3 Ke6 51. g4 hxg4+ 52. hxg4 c5 53.
Ke3 c4 54. Ke4 Rb2 55. Ra6+ Kf7 56. Kf5 Rf2+ 57. Ke4 c3 0-1

[Event "II. CLANSKA LIGA ZAHOD 2019"]
[Site "Komenda"]
[Date "2019.11.30"]
[Round "7.6"]
[White "Hafner Urbanci, Karlo"]
[Black "Guid, Taja"]
[Result "0-1"]
[WhiteElo "1494"]
[BlackElo "1557"]
[PlyCount "82"]
[EventDate "2019.11.30"]
[WhiteTeam "SK RIMEX ILIRSKA BISTRICA"]
[BlackTeam "SK LJUBLJANA"]

1. e4 c5 2. Nc3 Nc6 3. Nf3 e6 4. Bc4 Nge7 5. d4 cxd4 6. Nxd4 Ng6 7. O-O Be7 8.
Nce2 O-O 9. b3 a6 10. Bb2 b5 11. Bd3 Bb7 12. Ng3 Bf6 13. c3 Qb6 14. Bc2 b4 15.
Nde2 Rac8 16. Rc1 Rfd8 17. Bd3 a5 18. Kh1 d5 19. Qc2 Nce5 20. f4 Nxd3 21. Qxd3
dxe4 22. Qc2 e3 23. Rcd1 Qc6 24. Ng1 Nxf4 25. Nf3 Nxg2 26. Qxg2 Rxd1 27. Rxd1
Qxf3 28. Rg1 Qxg2+ 29. Rxg2 Bxg2+ 30. Kxg2 bxc3 31. Bc1 c2 32. Kf3 Bd4 33. Ke4
Bb6 34. Kd3 f5 35. Ne2 e5 36. Ng3 g6 37. Ke2 Kf7 38. Kf3 e4+ 39. Ke2 Rd8 40.
Nf1 f4 41. Bb2 f3+ 0-1

[Event "II. CLANSKA LIGA ZAHOD 2019"]
[Site "Komenda"]
[Date "2019.11.30"]
[Round "7.1"]
[White "Sivic, Klemen"]
[Black "Olenik Campa, Rudi"]
[Result "1/2-1/2"]
[WhiteElo "2056"]
[BlackElo "1997"]
[PlyCount "72"]
[EventDate "2019.11.30"]
[WhiteTeam "SK TRZIN"]
[BlackTeam "SD DOMZALE TAJFUN 2"]

1. d4 Nf6 2. c4 g6 3. Nc3 Bg7 4. e4 d6 5. Nf3 O-O 6. h3 c5 7. d5 a6 8. a4 e6 9.
Be2 exd5 10. exd5 Re8 11. O-O Bf5 12. Nh4 Nxd5 13. Nxd5 Qxh4 14. Nc7 Nc6 15.
Nxa8 Nd4 16. Bd3 Bxh3 17. Re1 Rxe1+ 18. Qxe1 Bxg2 19. Qe8+ Bf8 20. Kxg2 Qg4+
21. Kf1 Qh3+ 22. Ke1 Qxd3 23. f3 Kg7 24. Ra3 Nc2+ 25. Kf2 Nxa3 26. Bh6+ Kxh6
27. Qxf8+ Kh5 28. bxa3 Qd2+ 29. Kg3 Qe1+ 30. Kg2 Qe2+ 31. Kg3 Qe5+ 32. Kg2 f5
33. Qf7 h6 34. Nc7 Qe2+ 35. Kg3 Qe1+ 36. Kg2 Qe2+ 1/2-1/2

[Event "II. CLANSKA LIGA ZAHOD 2019"]
[Site "Komenda"]
[Date "2019.11.30"]
[Round "7.2"]
[White "Cokan, Mirko"]
[Black "Jukan, Nesib"]
[Result "0-1"]
[WhiteElo "1728"]
[BlackElo "1976"]
[PlyCount "98"]
[EventDate "2019.11.30"]
[WhiteTeam "SD DOMZALE TAJFUN 2"]
[BlackTeam "SK TRZIN"]

1. d4 Nf6 2. Bf4 e6 3. Nd2 d5 4. e3 Bd6 5. Bg3 Nc6 6. Ngf3 Qe7 7. Ne5 Nd7 8. f4
O-O 9. c3 f6 10. Nxc6 bxc6 11. Bd3 e5 12. O-O e4 13. Bc2 f5 14. Bb3 Nf6 15. Bh4
Ba6 16. Re1 Qf7 17. Rc1 Rab8 18. c4 Kh8 19. Bxf6 Qxf6 20. Qc2 Rfd8 21. a3 c5
22. cxd5 cxd4 23. Nc4 d3 24. Qd1 Bxc4 25. Rxc4 Qxb2 26. Ba4 Qxa3 27. Bc6 Qb3
28. Qxb3 Rxb3 29. Ra1 a5 30. h3 d2 31. Kf2 Bb4 32. Ke2 Rc3 33. Rxc3 Bxc3 34.
Rb1 Bb4 35. g4 g6 36. Kf2 Kg7 37. gxf5 gxf5 38. Rg1+ Kf6 39. Rd1 Rg8 40. Bd7 h5
41. Be6 Rg7 42. Bc8 h4 43. Ba6 Rg3 44. Bf1 Ke7 45. Bg2 Kd6 46. Bf1 Kxd5 47. Ba6
Ke6 48. Bc4+ Kf6 49. Be2 Bc5 0-1

[Event "II. CLANSKA LIGA ZAHOD 2019"]
[Site "Komenda"]
[Date "2019.11.30"]
[Round "7.3"]
[White "Rojs, Igor"]
[Black "Borstar, Dusan"]
[Result "1/2-1/2"]
[WhiteElo "1995"]
[BlackElo "1746"]
[PlyCount "118"]
[EventDate "2019.11.30"]
[WhiteTeam "SK TRZIN"]
[BlackTeam "SD DOMZALE TAJFUN 2"]

1. d4 Nf6 2. Nf3 d5 3. g3 e6 4. Bg2 c5 5. c3 Nc6 6. O-O h6 7. Nbd2 Qc7 8. Re1
cxd4 9. Nxd4 Bc5 10. N4b3 Be7 11. e4 dxe4 12. Nxe4 O-O 13. Qe2 e5 14. h3 Be6
15. Nbc5 Bc8 16. Kh2 Nxe4 17. Nxe4 Be6 18. Be3 b6 19. f4 f5 20. Nf2 e4 21. b3
Bd6 22. h4 Ne7 23. c4 Rad8 24. Red1 Ng6 25. Nh3 Bf7 26. Rd2 Bb4 27. Rxd8 Rxd8
28. Rd1 Bd6 29. Kg1 Kh7 30. Kf2 Ne7 31. Rd2 Bc5 32. Rxd8 Bxe3+ 33. Kxe3 Qxd8
34. Qd2 Qxd2+ 35. Kxd2 Nc6 36. Kc3 Bh5 37. Nf2 Bg6 38. h5 Be8 39. Bh3 g6 40. b4
Kg7 41. c5 Kf6 42. hxg6 bxc5 43. bxc5 Bxg6 44. Bf1 Bf7 45. Bb5 Bd5 46. Bxc6
Bxc6 47. Kd4 Ke6 48. Nd1 a5 49. Ne3 h5 50. a3 Bb5 51. Nd5 Bc6 52. Ne3 Bb5 53.
Nd5 Bc6 54. Nc3 Bd7 55. Nd5 Bc6 56. Nb6 Bb5 57. Nc8 Bc6 58. Nd6 Bd7 59. Nc4 a4
1/2-1/2

[Event "II. CLANSKA LIGA ZAHOD 2019"]
[Site "Komenda"]
[Date "2019.11.30"]
[Round "7.4"]
[White "Hiti, Erik"]
[Black "Suhadolnik, Jernej"]
[Result "1/2-1/2"]
[WhiteElo "1519"]
[BlackElo "1863"]
[PlyCount "85"]
[EventDate "2019.11.30"]
[WhiteTeam "SD DOMZALE TAJFUN 2"]
[BlackTeam "SK TRZIN"]

1. Nf3 b5 2. g3 Bb7 3. Bg2 c5 4. O-O Nf6 5. d3 Nc6 6. Nbd2 h6 7. a4 a6 8. e4 e5
9. Nh4 d6 10. Nf5 g6 11. Ne3 Bg7 12. f4 h5 13. f5 g5 14. Nf3 g4 15. Nh4 Ne7 16.
axb5 axb5 17. Rxa8 Qxa8 18. c4 b4 19. Nd5 Nexd5 20. exd5 Kd7 21. Be4 Qa2 22.
Rf2 Ra8 23. b3 Qa1 24. Qd2 Ke7 25. Kg2 Qb1 26. Bb2 Nxe4 27. dxe4 Qxe4+ 28. Kg1
Bf6 29. Re2 Qb1+ 30. Re1 Qa2 31. Qc2 Qa5 32. Ng2 Bg5 33. Qe2 Qc7 34. Rd1 Ra2
35. Qc2 Bc8 36. Rf1 Bd7 37. f6+ Kd8 38. Qb1 Qa7 39. Qc2 Kc7 40. Rf2 Kb6 41. Re2
Qb8 42. Qb1 Qa8 43. Qc2 1/2-1/2

[Event "II. CLANSKA LIGA ZAHOD 2019"]
[Site "Komenda"]
[Date "2019.11.30"]
[Round "7.5"]
[White "Borstnik, Ales"]
[Black "Groselj, Kaja"]
[Result "1-0"]
[WhiteElo "1779"]
[BlackElo "1525"]
[PlyCount "157"]
[EventDate "2019.11.30"]
[WhiteTeam "SK TRZIN"]
[BlackTeam "SD DOMZALE TAJFUN 2"]

1. e4 d5 2. exd5 Qxd5 3. d4 c6 4. Nc3 Qd6 5. Bc4 Nf6 6. Nge2 Bf5 7. O-O e6 8.
Bf4 Qb4 9. Bb3 Be7 10. Bc7 b6 11. a3 Qa5 12. Bc4 Bg6 13. Be5 b5 14. b4 Qb6 15.
Bb3 O-O 16. h3 Nbd7 17. Bg3 a5 18. bxa5 Rxa5 19. a4 Rfa8 20. Nf4 Bf5 21. Rb1
Qa6 22. axb5 cxb5 23. Qe2 b4 24. Bc4 Qc6 25. Nd1 Nb6 26. Bb3 Nbd5 27. Ne3 Nc3
28. Qc4 Qxc4 29. Nxc4 R5a6 30. Rbe1 Nfe4 31. Bh2 Rd8 32. f3 Nd6 33. Ne3 Bf6 34.
Nxf5 exf5 35. d5 h6 36. Nd3 Ndb5 37. Nxb4 Raa8 38. Nc6 Rd7 39. Nb4 Rc8 40. g4
fxg4 41. hxg4 Nd4 42. Kg2 Nxb3 43. cxb3 Nxd5 44. Nxd5 Rxd5 45. Rb1 Rb5 46. Bd6
Rc6 47. Rfd1 Rcb6 48. Rd3 g6 49. b4 Kg7 50. Rh1 Be5 51. Bc5 Rb7 52. Re1 Bf4 53.
Re4 Bg5 54. f4 Bf6 55. Re8 h5 56. g5 Bb2 57. Re2 Bc1 58. Kf3 Rb8 59. Rc2 Bxf4
60. Kxf4 Re8 61. Kf3 Re6 62. Re2 Ra6 63. Re8 Rb7 64. Bd4+ f6 65. Bxf6+ Kf7 66.
Re4 Rab6 67. Rb3 Rb5 68. Rc4 Ke6 69. Ke4 R7b6 70. Bd4 Rb7 71. Bc5 Rb8 72. Rf3
Kd7 73. Rf7+ Ke6 74. Rf6+ Kd7 75. Rd6+ Ke8 76. Rxg6 Kf7 77. Rh6 Re8+ 78. Kf5
Rg8 79. Rxh5 1-0

[Event "II. CLANSKA LIGA ZAHOD 2019"]
[Site "Komenda"]
[Date "2019.11.30"]
[Round "7.6"]
[White "Faganel, Kaja"]
[Black "Bajec, Borut"]
[Result "1-0"]
[WhiteElo "1457"]
[BlackElo "1742"]
[PlyCount "97"]
[EventDate "2019.11.30"]
[WhiteTeam "SD DOMZALE TAJFUN 2"]
[BlackTeam "SK TRZIN"]

1. Nf3 d5 2. c4 c6 3. e3 Nf6 4. b3 e6 5. Bb2 Be7 6. g3 O-O 7. Bg2 Nbd7 8. O-O
b6 9. d4 Ba6 10. Nbd2 Rc8 11. Re1 c5 12. Rc1 b5 13. Ne5 cxd4 14. exd4 bxc4 15.
bxc4 dxc4 16. Ndxc4 Nd5 17. Qa4 Nxe5 18. Nxe5 Bb7 19. Qxa7 Rb8 20. Qa4 Nb6 21.
Qc2 Bxg2 22. Kxg2 Qd5+ 23. Kg1 Rbc8 24. Qb3 Qd6 25. Red1 Nd5 26. Nc4 Qa6 27. a3
Bg5 28. Rc2 Rb8 29. Qd3 Rfc8 30. Ne5 Qb7 31. Rxc8+ Rxc8 32. Nc4 g6 33. Nd6 Qxb2
34. Nxc8 Nc3 35. Rf1 Ne2+ 36. Kg2 Nc3 37. Nd6 Nd5 38. Nc4 Qa2 39. Rb1 h5 40.
Rb2 Qa1 41. Qb1 Qxb1 42. Rxb1 Bf6 43. Rd1 Nc3 44. Rd3 Nb5 45. d5 exd5 46. Rxd5
Nc3 47. Rd3 Kf8 48. Nb6 Ke8 49. Nd5 1-0

[Event "II. CLANSKA LIGA ZAHOD 2019"]
[Site "Komenda"]
[Date "2019.12.01"]
[Round "8.1"]
[White "Bajzelj, Primoz"]
[Black "Olenik Campa, Rudi"]
[Result "1/2-1/2"]
[WhiteElo "2062"]
[BlackElo "1997"]
[PlyCount "65"]
[EventDate "2019.12.01"]
[WhiteTeam "SD RADOVLJICA"]
[BlackTeam "SD DOMZALE TAJFUN"]

1. d4 Nf6 2. Nf3 g6 3. Bg5 Bg7 4. Nbd2 d5 5. e3 O-O 6. c4 c6 7. Bd3 h6 8. Bh4
Nbd7 9. h3 Qe8 10. O-O g5 11. Bg3 Nh5 12. Bc7 f5 13. cxd5 cxd5 14. Qc2 e6 15.
Bd6 Rf7 16. Ne5 Bxe5 17. dxe5 Rg7 18. g4 Nf4 19. exf4 gxf4 20. f3 Qh5 21. Kh2
Qh4 22. Rg1 fxg4 23. fxg4 Qf2+ 24. Rg2 Qe3 25. Nf1 Qd4 26. Qc3 Qb6 27. Rc1 f3
28. Rd2 h5 29. Qxc8+ Rxc8 30. Rxc8+ Kf7 31. Rc7 Kg8 32. Rc8+ Kf7 33. Rc7
1/2-1/2

[Event "II. CLANSKA LIGA ZAHOD 2019"]
[Site "Komenda"]
[Date "2019.12.01"]
[Round "8.2"]
[White "Cokan, Mirko"]
[Black "Buha, Drago"]
[Result "0-1"]
[WhiteElo "1728"]
[BlackElo "1949"]
[PlyCount "82"]
[EventDate "2019.12.01"]
[WhiteTeam "SD DOMZALE TAJFUN"]
[BlackTeam "SD RADOVLJICA"]

1. d4 d5 2. Bf4 Bf5 3. Nd2 Nc6 4. c3 e6 5. f3 Bd6 6. Bg3 Nf6 7. Bh4 Be7 8. Bxf6
Bxf6 9. e4 dxe4 10. fxe4 Bg6 11. Bb5 O-O 12. Ngf3 Bg5 13. O-O Bh5 14. Qa4 Bxd2
15. Nxd2 Ne7 16. Nf3 a6 17. Bd3 Ng6 18. Rae1 c5 19. Bb1 b5 20. Qc2 Bxf3 21.
Rxf3 cxd4 22. Rd1 e5 23. Qf2 Rc8 24. cxd4 exd4 25. Rfd3 Qg5 26. Rxd4 Nf4 27.
Kh1 Qe5 28. g3 Ng6 29. Rd5 Qe7 30. h4 Ne5 31. a3 Rc6 32. Qd4 f6 33. Ba2 Kh8 34.
Rd8 Rc8 35. Rxf8+ Rxf8 36. Qd6 Qe8 37. Qe6 Qh5 38. Qd6 Qf3+ 39. Kh2 Re8 40. Be6
Qxe4 41. Qd8 Nf3+ 0-1

[Event "II. CLANSKA LIGA ZAHOD 2019"]
[Site "Komenda"]
[Date "2019.12.01"]
[Round "8.3"]
[White "Pretnar, Bostjan"]
[Black "Borstar, Dusan"]
[Result "1/2-1/2"]
[WhiteElo "1768"]
[BlackElo "1746"]
[PlyCount "59"]
[EventDate "2019.12.01"]
[WhiteTeam "SD RADOVLJICA"]
[BlackTeam "SD DOMZALE TAJFUN"]

1. d4 Nf6 2. Bf4 d5 3. e3 e6 4. Nf3 a6 5. Bd3 c5 6. c3 c4 7. Bc2 b5 8. Nbd2 Bb7
9. Ne5 Nbd7 10. Qf3 g6 11. Bg5 Be7 12. Bh6 Nxe5 13. dxe5 Nd7 14. Bf4 Bg5 15.
Rd1 Bxf4 16. exf4 Nc5 17. Qe3 Qe7 18. Nf3 Rc8 19. Nd4 Bc6 20. O-O Bd7 21. a3
O-O 22. g4 f5 23. exf6 Qxf6 24. Ne2 Rfe8 25. g5 Qg7 26. Qe5 Bc6 27. Rfe1 Qc7
28. Nd4 Qxe5 29. fxe5 Bd7 30. f4 1/2-1/2

[Event "II. CLANSKA LIGA ZAHOD 2019"]
[Site "Komenda"]
[Date "2019.12.01"]
[Round "8.4"]
[White "Kosanovic, Aleksander"]
[Black "Simnic, Franci"]
[Result "0-1"]
[WhiteElo "1287"]
[BlackElo "1664"]
[PlyCount "82"]
[EventDate "2019.12.01"]
[WhiteTeam "SD DOMZALE TAJFUN"]
[BlackTeam "SD RADOVLJICA"]

1. d4 Nf6 2. Nf3 e6 3. e3 d5 4. b3 Bb4+ 5. Nbd2 Nbd7 6. Bb2 Ne4 7. Bd3 f5 8.
Bxe4 fxe4 9. Ne5 Qg5 10. Qg4 Qf6 11. O-O-O O-O 12. f3 Qh6 13. f4 a5 14. h4 a4
15. c3 Be7 16. b4 Nxe5 17. dxe5 a3 18. Ba1 c5 19. b5 Bd7 20. Qe2 c4 21. g4 Qg6
22. h5 Qe8 23. g5 Bxb5 24. Qg4 Bc5 25. Rh3 Ra6 26. g6 h6 27. Rf1 Bd7 28. Rf2 b5
29. Nf1 Rb6 30. Nh2 b4 31. Qe2 b3 32. Kb1 Qb8 33. Ng4 b2 34. Nxh6+ gxh6 35. Rh1
Qb7 36. Qg4 Bxe3 37. g7 Rb8 38. Rff1 bxa1=Q+ 39. Kxa1 Bd2 40. Qh3 e3 41. f5
Bxc3# 0-1

[Event "II. CLANSKA LIGA ZAHOD 2019"]
[Site "Komenda"]
[Date "2019.12.01"]
[Round "8.5"]
[White "Krivec, Metod"]
[Black "Klander, Ales"]
[Result "1-0"]
[WhiteElo "1759"]
[BlackElo "1683"]
[PlyCount "79"]
[EventDate "2019.12.01"]
[WhiteTeam "SD RADOVLJICA"]
[BlackTeam "SD DOMZALE TAJFUN"]

1. d4 g6 2. c4 Bg7 3. e4 b6 4. Nc3 Bb7 5. Nf3 e6 6. Be2 Ne7 7. O-O d6 8. Bg5 f6
9. Be3 Nd7 10. Qc2 h5 11. b4 c6 12. Rac1 h4 13. h3 g5 14. Nh2 Qc7 15. Rfd1
O-O-O 16. Bg4 d5 17. Bxe6 dxc4 18. Bxc4 Kb8 19. Bd3 Ng6 20. Nb5 Qc8 21. Qa4 a6
22. Nd6 b5 23. Qb3 Qc7 24. Nf7 Nf4 25. Nxd8 Rxd8 26. Bf1 Nf8 27. a4 Qe7 28. f3
N8e6 29. axb5 axb5 30. Qa3 f5 31. d5 Nc7 32. Bc5 Qe8 33. d6 Na6 34. Bb6 fxe4
35. Bxd8 exf3 36. Bc7+ Ka8 37. d7 Ne2+ 38. Bxe2 Qxe2 39. d8=Q+ Ka7 40. Qb8# 1-0

[Event "II. CLANSKA LIGA ZAHOD 2019"]
[Site "Komenda"]
[Date "2019.12.01"]
[Round "8.6"]
[White "Kosanovic, Dusan"]
[Black "Torkar, Boris"]
[Result "1/2-1/2"]
[WhiteElo "1496"]
[BlackElo "1777"]
[PlyCount "46"]
[EventDate "2019.12.01"]
[WhiteTeam "SD DOMZALE TAJFUN"]
[BlackTeam "SD RADOVLJICA"]

1. d4 d5 2. c4 e6 3. Nf3 Nf6 4. Bg5 c6 5. e3 Nbd7 6. c5 b6 7. b4 Bb7 8. Bd3 Be7
9. O-O O-O 10. Qc2 h6 11. Bh4 Re8 12. Nbd2 Rc8 13. Rfe1 Bf8 14. Ne5 Be7 15.
Ndf3 Nxe5 16. Nxe5 Nd7 17. Bh7+ Kf8 18. Bg3 Nxe5 19. Bxe5 Bf6 20. Bd6+ Be7 21.
Be5 Bf6 22. Bd6+ Be7 23. Be5 Bf6 1/2-1/2

[Event "II. CLANSKA LIGA ZAHOD 2019"]
[Site "Komenda"]
[Date "2019.12.01"]
[Round "8.1"]
[White "Sajn, Simon"]
[Black "Sivic, Klemen"]
[Result "1-0"]
[WhiteElo "2090"]
[BlackElo "2056"]
[PlyCount "149"]
[EventDate "2019.12.01"]
[WhiteTeam "SK RIMEX ILIRSKA BISTRICA"]
[BlackTeam "SK TRZIN"]

1. d4 Nf6 2. Bf4 d6 3. Nf3 Nbd7 4. e3 c6 5. Be2 Qb6 6. Qc1 Qc7 7. h3 e5 8. Bh2
e4 9. Nfd2 Qa5 10. O-O Be7 11. c4 Nf8 12. Nc3 Bf5 13. b4 Qxb4 14. Rb1 Qa5 15.
Rxb7 Ne6 16. Qb2 Nd8 17. Rb3 h6 18. Ra3 Qc7 19. c5 Qd7 20. cxd6 Bxd6 21. Bxd6
Qxd6 22. Ra5 Bg6 23. Re5+ Ne6 24. Ndxe4 Nxe4 25. Nxe4 Bxe4 26. Rxe4 O-O 27. Qc2
Rab8 28. Bc4 Nc7 29. Re5 Rb6 30. Ra5 a6 31. Rc1 Nb5 32. Bb3 Qb8 33. Ra4 Nd6 34.
Qe2 Qb7 35. Qf3 Qd7 36. d5 cxd5 37. Qxd5 Rc8 38. Rd1 Qe7 39. Qd3 Nb5 40. Rc4
Rf8 41. Qd7 Qe5 42. Rf4 Rf6 43. Rxf6 Qxf6 44. Bc4 Rb8 45. Bxb5 axb5 46. Rd4 b4
47. Qc7 Ra8 48. Qc2 Qa6 49. Rxb4 g6 50. Qb2 Kh7 51. Rb7 Kg8 52. Rb6 Qa7 53. Qb3
Qxa2 54. Rxg6+ Kh7 55. Qxa2 Rxa2 56. Rg4 f5 57. Rg3 Ra1+ 58. Kh2 Ra2 59. Rf3
Kg6 60. g4 fxg4 61. hxg4 Kg5 62. Kg3 Ra4 63. Rf5+ Kg6 64. f4 Ra1 65. Rb5 Rg1+
66. Kf3 Kg7 67. Rb6 Rf1+ 68. Ke4 Ra1 69. f5 Ra4+ 70. Kf3 Ra5 71. Rg6+ Kh7 72.
Kf4 Rb5 73. e4 Ra5 74. g5 hxg5+ 75. Rxg5 1-0

[Event "II. CLANSKA LIGA ZAHOD 2019"]
[Site "Komenda"]
[Date "2019.12.01"]
[Round "8.2"]
[White "Jukan, Nesib"]
[Black "Rolih, Miran"]
[Result "1/2-1/2"]
[WhiteElo "1976"]
[BlackElo "1880"]
[PlyCount "69"]
[EventDate "2019.12.01"]
[WhiteTeam "SK TRZIN"]
[BlackTeam "SK RIMEX ILIRSKA BISTRICA"]

1. e4 c5 2. c3 d5 3. exd5 Qxd5 4. d4 Nc6 5. Nf3 Bg4 6. Be2 e6 7. Be3 cxd4 8.
cxd4 Nf6 9. Nc3 Qd7 10. O-O Nd5 11. Rc1 Be7 12. Nxd5 Qxd5 13. a3 O-O 14. b4 a6
15. Bc4 Qe4 16. Bd3 Qd5 17. Bc4 Qe4 18. Bd3 Qd5 19. Bc4 Qd6 20. Be2 Rad8 21.
Qb3 Bf5 22. Rfd1 Be4 23. Nd2 Bd5 24. Bc4 f5 25. Bxd5 exd5 26. Nf3 f4 27. Bd2
Rf5 28. b5 axb5 29. Qxb5 Qd7 30. Rb1 g5 31. Qxb7 g4 32. Qxd7 Rxd7 33. Ne5 Nxe5
34. dxe5 Bxa3 35. Bc3 1/2-1/2

[Event "II. CLANSKA LIGA ZAHOD 2019"]
[Site "Komenda"]
[Date "2019.12.01"]
[Round "8.3"]
[White "Dasic, Jelena"]
[Black "Lah, Emil"]
[Result "0-1"]
[WhiteElo "1798"]
[BlackElo "1951"]
[PlyCount "64"]
[EventDate "2019.12.01"]
[WhiteTeam "SK RIMEX ILIRSKA BISTRICA"]
[BlackTeam "SK TRZIN"]

1. d4 Nf6 2. Bf4 c5 3. e3 Qb6 4. b3 cxd4 5. exd4 e6 6. Nf3 Nc6 7. Be2 Nd5 8.
Be3 Bb4+ 9. Kf1 Nxe3+ 10. fxe3 d5 11. c4 dxc4 12. bxc4 Be7 13. Qb3 Qc7 14. Nc3
Na5 15. Nb5 Qd8 16. Qa4 O-O 17. c5 b6 18. cxb6 axb6 19. Ne5 Bb7 20. Bf3 f6 21.
Nc4 Bxf3 22. gxf3 Qd5 23. Nd2 Rac8 24. e4 Qg5 25. Rd1 Qe3 26. Rg1 Qd3+ 27. Kf2
Rc2 28. Nc7 Rxc7 29. Nb3 Rc2+ 30. Kg3 Qe2 31. Kf4 Bd6+ 32. e5 fxe5+ 0-1

[Event "II. CLANSKA LIGA ZAHOD 2019"]
[Site "Komenda"]
[Date "2019.12.01"]
[Round "8.4"]
[White "Rojs, Igor"]
[Black "Smolej, Ziga"]
[Result "1/2-1/2"]
[WhiteElo "1995"]
[BlackElo "1632"]
[PlyCount "74"]
[EventDate "2019.12.01"]
[WhiteTeam "SK TRZIN"]
[BlackTeam "SK RIMEX ILIRSKA BISTRICA"]

1. d4 Nf6 2. Nf3 e6 3. c4 d5 4. cxd5 exd5 5. Nc3 c6 6. Bf4 Bf5 7. e3 Qb6 8. Qc1
h6 9. Be2 Be7 10. h3 O-O 11. O-O Nbd7 12. b3 Ne4 13. Ne5 Nxe5 14. Bxe5 Nxc3 15.
Qxc3 Bb4 16. Qc1 a5 17. a3 Be7 18. Qb2 Rfd8 19. Rfd1 Rac8 20. Bd3 Bxd3 21. Rxd3
Bd6 22. Bxd6 Rxd6 23. Rc1 Rg6 24. Rdc3 Qd8 25. Kh1 Qg5 26. Rg1 Ra8 27. Rc5 f5
28. Qd2 a4 29. b4 b5 30. Qc2 Ra6 31. g3 Qf6 32. Qd3 Qe6 33. Kh2 Rf6 34. Kg2
Qe4+ 35. Qxe4 fxe4 36. Rf1 Rf3 37. Rfc1 Rf6 1/2-1/2

[Event "II. CLANSKA LIGA ZAHOD 2019"]
[Site "Komenda"]
[Date "2019.12.01"]
[Round "8.5"]
[White "Bradac, Simon"]
[Black "Banfi, Gregor"]
[Result "0-1"]
[WhiteElo "1471"]
[BlackElo "1718"]
[PlyCount "96"]
[EventDate "2019.12.01"]
[WhiteTeam "SK RIMEX ILIRSKA BISTRICA"]
[BlackTeam "SK TRZIN"]

1. e4 c5 2. Nf3 d6 3. d4 cxd4 4. Nxd4 Nf6 5. f3 e5 6. Nb3 Be6 7. c4 Nbd7 8. Nc3
Be7 9. Be3 O-O 10. Be2 Nb6 11. Nd5 Nfxd5 12. cxd5 Bd7 13. Rc1 f5 14. O-O fxe4
15. fxe4 Rxf1+ 16. Qxf1 Rc8 17. Qf2 Bh4 18. g3 Bg5 19. Bxg5 Qxg5 20. Rf1 Qe7
21. Na5 Bh3 22. Rb1 Bd7 23. Nxb7 Rc2 24. Qf3 Bb5 25. Bxb5 Qxb7 26. Bc6 Qe7 27.
Qd3 Rc4 28. b3 Rd4 29. Qc3 Rxe4 30. Rf1 Rd4 31. a3 Qc7 32. Qf3 Qe7 33. a4 e4
34. Qg4 h5 35. Qh3 Nxd5 36. Qc8+ Kh7 37. Qf5+ g6 38. Qf2 e3 39. Qf7+ Qxf7 40.
Rxf7+ Kg8 41. Bxd5 Rxd5 42. Rxa7 Rd1+ 43. Kg2 e2 44. Re7 e1=Q 45. Rxe1 Rxe1 46.
b4 Rb1 47. a5 Rxb4 48. a6 Ra4 0-1

[Event "II. CLANSKA LIGA ZAHOD 2019"]
[Site "Komenda"]
[Date "2019.12.01"]
[Round "8.6"]
[White "Grum, Andrej"]
[Black "Skrt, Branko"]
[Result "1-0"]
[WhiteElo "1747"]
[BlackElo "1498"]
[PlyCount "31"]
[EventDate "2019.12.01"]
[WhiteTeam "SK TRZIN"]
[BlackTeam "SK RIMEX ILIRSKA BISTRICA"]

1. e4 e5 2. Nf3 Nc6 3. Bc4 d6 4. d4 Bg4 5. dxe5 Nxe5 6. Be2 Bxf3 7. Bxf3 Nxf3+
8. Qxf3 Qf6 9. Qb3 b6 10. Nc3 Ne7 11. O-O g6 12. Qa4+ c6 13. Nd5 Nxd5 14. exd5
b5 15. Qa6 c5 16. Qc6+ 1-0

[Event "II. CLANSKA LIGA ZAHOD 2019"]
[Site "Komenda"]
[Date "2019.12.01"]
[Round "8.1"]
[White "Rodman, Franc"]
[Black "Persl, Bojan"]
[Result "1/2-1/2"]
[WhiteElo "2052"]
[BlackElo "2097"]
[PlyCount "32"]
[EventDate "2019.12.01"]
[WhiteTeam "SD SIJ ACRONI JESENICE"]
[BlackTeam "SK LJUBLJANA"]

1. d4 Nf6 2. Nf3 e6 3. g3 d5 4. Bg2 Be7 5. O-O O-O 6. c4 dxc4 7. Qc2 b6 8. Ne5
Qxd4 9. Bxa8 Qxe5 10. Bf3 b5 11. Bf4 Qc5 12. Be3 Qe5 13. Bf4 Qc5 14. Be3 Qe5
15. Bf4 Qc5 16. Be3 Qe5 1/2-1/2

[Event "II. CLANSKA LIGA ZAHOD 2019"]
[Site "Komenda"]
[Date "2019.12.01"]
[Round "8.2"]
[White "Kodela, Marko"]
[Black "Jeraj, Zlatko"]
[Result "1/2-1/2"]
[WhiteElo "1960"]
[BlackElo "2032"]
[PlyCount "60"]
[EventDate "2019.12.01"]
[WhiteTeam "SK LJUBLJANA"]
[BlackTeam "SD SIJ ACRONI JESENICE"]

1. c4 c6 2. Nf3 Nf6 3. g3 d5 4. Qc2 g6 5. Bg2 Bg7 6. O-O O-O 7. b3 Bf5 8. d3
Re8 9. Bb2 Na6 10. Nbd2 Rc8 11. Rac1 Nb4 12. Qb1 Bh6 13. a3 Na6 14. Rcd1 Bg7
15. Qa1 Qb6 16. Ne5 Rcd8 17. cxd5 cxd5 18. Bd4 Qc7 19. Rc1 Qb8 20. Ndf3 Rc8 21.
h3 h6 22. Qb2 Nc7 23. Qd2 Nb5 24. Bb2 Rxc1 25. Rxc1 Rc8 26. a4 Nd6 27. g4 Rxc1+
28. Qxc1 Be6 29. Bd4 b6 30. Bc3 Qc8 1/2-1/2

[Event "II. CLANSKA LIGA ZAHOD 2019"]
[Site "Komenda"]
[Date "2019.12.01"]
[Round "8.3"]
[White "Pazlar, Marko"]
[Black "Zmavc, Mark"]
[Result "1/2-1/2"]
[WhiteElo "2028"]
[BlackElo "1839"]
[PlyCount "99"]
[EventDate "2019.12.01"]
[WhiteTeam "SD SIJ ACRONI JESENICE"]
[BlackTeam "SK LJUBLJANA"]

1. Nf3 d5 2. d4 Nf6 3. g3 e6 4. Bg2 Be7 5. O-O O-O 6. c4 b6 7. Ne5 Bb7 8. Qa4
Qe8 9. Qxe8 Rxe8 10. Nc3 Na6 11. Bg5 Ne4 12. Bxe7 Rxe7 13. cxd5 exd5 14. e3 c5
15. Nd3 cxd4 16. exd4 Nxc3 17. bxc3 Rc8 18. Rfe1 Rec7 19. Bh3 Rd8 20. Rac1 Kf8
21. Kf1 Nb8 22. Ke2 Nc6 23. Kd2 Na5 24. Nb2 Ba6 25. Bf1 Bxf1 26. Rxf1 Ke7 27.
Rfe1+ Kd6 28. Re3 Nc4+ 29. Nxc4+ Rxc4 30. Rb1 Ra4 31. Rb2 Rc8 32. h4 h5 33. f3
f6 34. Rd3 g5 35. hxg5 fxg5 36. Re3 Rh8 37. Re2 h4 38. gxh4 gxh4 39. Ke3 Rc4
40. Rbc2 Rc7 41. Rg2 Re7+ 42. Kf2 Rf7 43. Re2 Rh6 44. Rh2 h3 45. Re5 Rc7 46.
Re3 Rf7 47. Re1 Rc7 48. Re3 Rf7 49. Re1 Rc7 50. Re3 1/2-1/2

[Event "II. CLANSKA LIGA ZAHOD 2019"]
[Site "Komenda"]
[Date "2019.12.01"]
[Round "8.4"]
[White "Sivcevic, Nusret"]
[Black "Pavlin, Ivan"]
[Result "1-0"]
[WhiteElo "1748"]
[BlackElo "1858"]
[PlyCount "115"]
[EventDate "2019.12.01"]
[WhiteTeam "SK LJUBLJANA"]
[BlackTeam "SD SIJ ACRONI JESENICE"]

1. f4 d5 2. Nf3 Bg4 3. c3 Nc6 4. Qc2 e6 5. d3 Bc5 6. b4 Bd6 7. g3 a6 8. Bg2 d4
9. a3 dxc3 10. Ng5 Qd7 11. Qxc3 Nf6 12. h3 Bh5 13. e4 h6 14. e5 Be7 15. Ne4
Nxe4 16. Bxe4 f6 17. Bb2 Rd8 18. Nd2 f5 19. Bxc6 bxc6 20. d4 Qd5 21. O-O O-O
22. Rfc1 Be8 23. Qc4 g5 24. Kh2 h5 25. Qxd5 Rxd5 26. Nc4 h4 27. Na5 hxg3+ 28.
Kxg3 gxf4+ 29. Kxf4 c5 30. bxc5 Kh7 31. Nc4 Rg8 32. Rg1 Bb5 33. Rxg8 Kxg8 34.
Ne3 Rd8 35. Rd1 c6 36. Bc3 Kf7 37. Rh1 Rh8 38. Rh2 Rh4+ 39. Kf3 Bd3 40. Ng2
Be4+ 41. Kg3 Rh5 42. Bd2 Bd8 43. Bf4 Ba5 44. h4 Bc3 45. Be3 Rh8 46. h5 Rg8+ 47.
Kf2 Bxg2 48. Rxg2 f4 49. Bxf4 Bxd4+ 50. Kf3 Bxc5 51. Rc2 Bxa3 52. Rxc6 Re8 53.
Rxa6 Bb2 54. Ra2 Bc3 55. Rg2 Rh8 56. Rg5 Bb2 57. Ke4 Rh6 58. Rg2 1-0